| 000 | 00878nam0a22002531 4500 | ||
|---|---|---|---|
| 001 | rc\49182 | ||
| 005 | 20021216125131.7 | ||
| 035 | _a(NLR Aleph) 005328560 | ||
| 090 |
_a6566275 _c6566275 |
||
| 100 | _a20021216d1995 u |0rusy50 ca | ||
| 101 | 0 | _arus | |
| 102 | _aRU | ||
| 105 | _aa ||||||||| | ||
| 200 | 1 |
_aНовое в технологии детского питания _eСб. науч. тр. _fРос. акад. с.-х. наук. НИИ дет. питания _g[Под ред. Бедных Б.С.] |
|
| 210 |
_aМ. _cНИИДП _d1995 |
||
| 215 |
_a180 с. _cил. _d20 |
||
| 320 | _aБиблиогр. в конце ст. | ||
| 702 | 1 |
_aБедных _bБ. С. _4340 |
|
| 712 | 0 | 2 |
_aНИИ детского питания _cМосква _3RU\NLR\AUTH\8816925 |
| 801 | 0 |
_aRU _bNLR _gpsbo |
|
| 801 | 1 |
_aRU _bELAR _2rusmarc |
|
| 852 |
_aNLR _j95-3/7777 |
||
| 942 | _cBOOK | ||
| 980 | _aNB | ||